000 01569nam a22002897a 4500
005 20111226102516.0
010 _aENG-104492 B-489265-267
020 _a9788178353234
_c750.00
020 _a8178353237
_c750.00
035 _aEN-88025 B-489265-267
037 _bDBAD/PUB
037 _bKBD/Ven
082 _a362.10954
245 0 0 _aHistory of medicine in India :
_cedited by Chittabrata Palit [and] Achintya Kumar Dutta
_bthe medical encounter /
260 _aDelhi
_bKalpaz Publications
_c2011
270 _aC-30, Satyawati Nagar,
_b Delhi
_e110052
300 _a355p.
_c22cm (Hb)
500 _aIncluides index
700 _aPalit, Chittabrata
_937565
700 _aDutta, Achintya Kumar
_937578
942 _2ddc
_cEN
_mHIS
_h362.10954
999 _c59961
_d59961